000 00628nam a2200229Ia 4500
003 OSt
005 20220928122307.0
006 a|||||r|||| 00| 0
007 ta
008 220927b |||||||| |||| 00| 0 eng d
024 _a58236
037 _cTextual
040 _aSDCL
_cSDCL
_beng
041 _2eng
_aeng
082 _aV58:8'N2, L5
100 _aMcCauley Martin Ed.
_9457225
245 0 _aRussian revolution and the Soviet state 1917-1921.
260 _aLondon
_bMacmillan
_c1975
300 _axiv,315p.
_ccm.
942 _hV58:8'N2, L5
_cTEXL
_2CC
999 _c770727
_d770727